00768nam a22002177a 4500003000900000008004100009020001800050040007100068082002200139100003800161245004100199260004700240300005500287505005600342650001300398650001300411650001900424700003000443700003600473710004100509AR-CdUCM190408b ||||| |||| 00| 0 spa d a968-39-0103-4 aMUNICIPALIDAD PROVINCIAL DEL CUSCOcBIBLIOTECA MUNICIPAL DEL CUSCO aES / 869.1 /bG69 aGonzáles Hermosillo, Francisco  aEn los Tiempos de la Independencia / aMéxico : bPatria S. A. ;c1985. a32 páginas ;bIlustraciones, mapa plegablec27cm aContenido: Historia de la independencia de México aMéxico aHistoria aIndependencia  aSandoval Zarauz, Enrique  aUrrutia de Stevelski, Cristina  aSecretaria de Educación Pública